|
|
|
|
| LEADER |
01064nam a22002777a 4500 |
| 001 |
28271 |
| 003 |
BD-DhAAL |
| 005 |
20190523134641.0 |
| 008 |
141115s2010 it a b 000 0 eng |
| 999 |
|
|
|c 33041
|d 33041
|
| 010 |
|
|
|a 2010512711
|
| 020 |
|
|
|a 9788857202587 (pbk.)
|
| 020 |
|
|
|a 8857202585 (pbk.)
|
| 040 |
|
|
|a UKM
|c UKM
|d BTCTA
|d YDXCP
|d C3L
|d ERASA
|d C#P
|d BWX
|d DLC
|d BD-DhAAL
|
| 050 |
0 |
0 |
|a NA6690
|b .M37 2010
|
| 082 |
|
|
|2 22
|a 727.6
|
| 100 |
1 |
|
|a Marotta, Antonello,
|d 1968-
|9 6017
|
| 245 |
1 |
0 |
|a Contemporary museums /
|c Antonello Marotta.
|
| 260 |
|
|
|a Milan :
|b Skira ;
|a New York :
|b Distributed in North America by Rizzoli International Publications,
|c 2010.
|
| 300 |
|
|
|a 351 p. :
|b ill. (chiefly col.) ;
|c 22 cm.
|
| 504 |
|
|
|a Includes bibliographical references.
|
| 526 |
|
|
|a ARC
|
| 541 |
|
|
|e 28271
|
| 650 |
|
0 |
|a Museum architecture.
|9 6018
|
| 942 |
|
|
|2 ddc
|c BK
|0 2
|
| 952 |
|
|
|0 0
|1 0
|2 ddc
|4 0
|6 727_600000000000000_MAR
|7 0
|9 44054
|a BRACUL
|b BRACUL
|c GEN
|d 2014-11-15
|e Karim International
|g 2830.00
|l 20
|m 116
|o 727.6 MAR
|p 3010028271
|r 2026-01-13
|s 2025-11-04
|t 1
|w 2014-11-15
|y BK
|